000 00356nam a2200157Ia 4500
008 230524s9999 xx 000 0 und d
082 _a539.7
_bKAP
100 _aIrving Kaplan
245 0 _aNuclear Physics
250 _a9TH
260 _aNEW DELHI
_bNarosa
_c2002
300 _a770
500 _aQuantity Number: 2
650 _aPhysics
942 _cBK
999 _c17864
_d17864